UITU Library & LRC     

The Finite Element Method: its basis and fundamentals (Record no. 16939)

MARC details
000 -LEADER
fixed length control field 00496nam a2200181Ia 4500
008 - FIXED-LENGTH DATA ELEMENTS--GENERAL INFORMATION
fixed length control field 240925s9999 xx 000 0 und d
020 ## - INTERNATIONAL STANDARD BOOK NUMBER
International Standard Book Number 9789351071587
082 ## - DEWEY DECIMAL CLASSIFICATION NUMBER
Classification number 620.00151825 ZIE
100 ## - MAIN ENTRY--PERSONAL NAME
Personal name Zienkiewicz, O. C.
245 #4 - TITLE STATEMENT
Title The Finite Element Method: its basis and fundamentals
250 ## - EDITION STATEMENT
Edition statement 7th
260 ## - PUBLICATION, DISTRIBUTION, ETC.
Place of publication, distribution, etc. Amsterdam:
Name of publisher, distributor, etc. Elsevier
Date of publication, distribution, etc. ,2013.
300 ## - PHYSICAL DESCRIPTION
Extent xv, 488p.
Other physical details 0
Type of unit Original
500 ## - GENERAL NOTE
General note Includes Index
600 ## - SUBJECT ADDED ENTRY--PERSONAL NAME
Personal name Electronic Engineering
650 ## - SUBJECT ADDED ENTRY--TOPICAL TERM
Topical term or geographic name entry element Technology
942 ## - ADDED ENTRY ELEMENTS (KOHA)
Koha item type Books
Holdings
Withdrawn status Lost status Damaged status Not for loan Collection Home library Current library Date acquired Source of acquisition Cost, normal purchase price Total checkouts Full call number Barcode Date last seen Price effective from Koha item type
        Electrical Engineering UITU Library UITU Library 02/03/2019 Allied Book Company 1029.60   620.00151825 ZIE Q14440 09/25/2024 09/25/2024 Books

Powered by Koha